|
|
|
|
| LEADER |
00000nam0a2200000 4500 |
| 001 |
91720 |
| 005 |
20231031104206.0 |
| 035 |
|
|
|a (RuTPU)RU\TPU\book\98309
|
| 090 |
|
|
|a 91720
|
| 100 |
|
|
|a 20060228d1974 m y0rusy50 ca
|
| 101 |
0 |
|
|a rus
|
| 102 |
|
|
|a RU
|
| 105 |
|
|
|a a j 001zy
|
| 200 |
1 |
|
|a Сборник задач по строительной теплотехнике
|e учебное пособие
|f В. А. Потрошков, А. А. Шершнев
|g Красноярский политехнический институт
|
| 210 |
|
|
|a Красноярск
|c Изд-во Красноярского политехнического ин-та
|d 1974
|
| 215 |
|
|
|a 59 с.
|c ил.
|
| 320 |
|
|
|a Библиогр.: с. 58
|
| 610 |
1 |
|
|a теплотехника
|
| 610 |
1 |
|
|a строительная теплотехника
|
| 610 |
1 |
|
|a тепловые установки
|
| 610 |
1 |
|
|a расчет
|
| 610 |
1 |
|
|a нагрев
|
| 610 |
1 |
|
|a материалы
|
| 610 |
1 |
|
|a сушка
|
| 610 |
1 |
|
|a тепломассообмен
|
| 610 |
1 |
|
|a задачи
|
| 610 |
1 |
|
|a учебные пособия
|
| 675 |
|
|
|a 624.97.13(076)
|v 3
|
| 700 |
|
1 |
|a Потрошков
|b В. А.
|g Виктор Александрович
|
| 701 |
|
1 |
|a Шершнев
|b А. А.
|g Александр Александрович
|
| 712 |
0 |
2 |
|a Красноярский политехнический институт
|2 stltpush
|3 (RuTPU)RU\TPU\col\272
|
| 801 |
|
1 |
|a RU
|b 63413507
|c 20060228
|g PSBO
|
| 801 |
|
2 |
|a RU
|b 63413507
|c 20060313
|g PSBO
|
| 942 |
|
|
|c BK
|